Stations de ski avec le plus de dénivelé - Statistiques

Statistiques générales
  • Ce quiz a été pris 77 fois
  • Le résultat moyen est 8 sur 17
Statistiques - réponses
Classement Departement Dénivelé Réponse % Correct
1 Haute-Savoie 2710m Vallée Blanche
84%
15 Haute-Savoie 1430m Flégère
79%
6 Haute-Savoie 1990m Grands Montets
79%
10 Savoie 1600m Val Thorens
76%
8 Isère 1830m Alpe d'Huez
73%
7 Savoie 1850m La Plagne
73%
2 Isère 2210m Les 2 Alpes
71%
14 Savoie 1450m Courchevel
69%
5 Savoie 2000m Les Arcs
65%
12 Savoie 1480m Méribel
58%
4 Hautes-Alpes 2090m La Grave
32%
11 Hautes-Pyrénées 1510m Pic du Bigorre
21%
16 Savoie 1430m La Rosière
19%
3 Isère 2190m Vaujany
11%
9 Haute-Savoie 1690m Sixt-fer-à-Cheval
6%
17 Haute-Savoie 1420m Morillon
5%
13 Savoie 1460m Champagny
0%
Aucun quiz correspondant
Distribution des résultats
% des personnes avec chaque résultat
Percentile par nombre de réponses
Votre historique - résultats
Vous n’avez pas pris ce quiz